| 000 | 01447cas a2200457 i 4500 | ||
|---|---|---|---|
| 999 |
_c5346 _d5346 |
||
| 001 | 667474 | ||
| 003 | OSt | ||
| 005 | 20190103150850.0 | ||
| 008 | 001115c19949999nmufr p 0 a0eng d | ||
| 010 | _a 00215904 | ||
| 022 | 0 |
_a1532-4974 _21 |
|
| 035 | _a(OCoLC)ocm45360551 | ||
| 035 |
_a(OCoLC)45360551 _z(OCoLC)38200978 |
||
| 035 | _a667474 | ||
| 040 |
_aNSD _beng _erda _cNSD _dDLC _dDTM _dDLC _dPTS |
||
| 042 |
_ansdp _alc |
||
| 049 | _aPTSS | ||
| 050 | 0 | 0 |
_aBR158 _b.K42 |
| 082 | 1 | 0 |
_a296 _213 |
| 130 | 0 | _aKesher (Albuquerque, N.M.) | |
| 210 | 0 |
_aKesher _b(Albuq. N.M.) |
|
| 222 | 0 |
_aKesher _b(Albuquerque, N.M.) |
|
| 245 | 1 | 0 |
_aKesher : _ba journal of messianic Judaism. |
| 246 | 3 | 0 | _aJournal of messianic Judaism |
| 260 |
_aAlbuquerque, NM : _bUnion of Messianic Jewish Congregations _cc1996 |
||
| 300 |
_avolumes ; 181p.; _c22 cm |
||
| 310 | _aSemiannual | ||
| 336 |
_atext _btxt _2rdacontent |
||
| 337 |
_aunmediated _bn _2rdamedia |
||
| 338 |
_avolume _bnc _2rdacarrier |
||
| 362 | 1 | _aBegan in July 1994. | |
| 500 | _aDescription based on: Issue 3 (winter 1995-1996); title from cover. | ||
| 500 | _aLatest issue consulted: Issue 21 (summer/fall 2006). | ||
| 650 | 0 |
_aJewish Christians _vPeriodicals. |
|
| 650 | 0 |
_aJudaism (Christian theology) _vPeriodicals. |
|
| 655 | 7 |
_aPeriodicals. _2lcgft |
|
| 710 | 2 | _aUnion of Messianic Jewish Congregations. | |
| 942 |
_2ddc _cBK |
||
| 945 | _aMARCIVE20181205 | ||